Zdaňovanie príspevkov od úradov práce

Politika trhu práce ako súčasť politiky zamestnanosti je systém podpory a pomoci občanom pri ich začleňovaní sa na pracovné miesta na trhu práce. Na aký účel, komu a za akých podmienok sa poskytujú príspevky a podpory, ako aj postup pri ich zdaňovaní.

Salvato in:
Dettagli Bibliografici
Autore principale: Líšková, Katarína
Natura: Capitolo di libro
Lingua:slovacco
Soggetti:
Tags: Aggiungi Tag
Nessun Tag, puoi essere il primo ad aggiungerne!!

MARC

LEADER 00000naa a2200000 4500
001 r049404
005 20230720081254.4
041 0 |a slo 
044 |a SK 
245 1 0 |a Zdaňovanie príspevkov od úradov práce  |c Katarína Líšková 
520 |a Politika trhu práce ako súčasť politiky zamestnanosti je systém podpory a pomoci občanom pri ich začleňovaní sa na pracovné miesta na trhu práce. Na aký účel, komu a za akých podmienok sa poskytujú príspevky a podpory, ako aj postup pri ich zdaňovaní. 
610 2 0 |a úrady práce 
610 2 0 |a príspevky nenávratné 
610 2 0 |a zdaňovanie 
100 1 |a Líšková, Katarína